Normal view MARC view
  • Watkins, Mary Lindsay

Entry Nombre Personal

Number of records used in: 1

001 - NUMERO DE CONTROL

  • campo de control: 52068

003 - IDENTIFICADOR DE NUMERO DE CONTROL

  • campo de control: MX-MxUPN

005 - FECHA Y HORA DE LA ÜLTIMA TRANSACCIÓN

  • campo de control: 20240528100217.0

008 - DATOS DE LONGITUD FIJA

  • campo de control de longitud fija: 240528|| aca||aabn a aaa d

040 ## - FUENTE DE CATALOGACIÓN

  • Agencia original de catalogación: MX-MxUPN
  • Lenguaje de catalogación: spa
  • Agencia de transcripción: MX-MxUPN

100 1# - ENCABEZAMIENTO - NOMBRE PERSONAL

  • Nombre personal: Watkins, Mary Lindsay

372 ## - CAMPO DE ACTIVIDAD

  • Field of activity: Traducción e interpretación

374 ## - OCUPACIÓN

  • Occupation: Traductora

400 1# - VEÁSE - NOMBRE DE PERSONA

  • Personal name: Watkins, M. L.

670 ## - FUENTE EN LA QUE SE LOCALIZARON DATOS

  • Cita de la fuente: Autoridades LC, 28 mayo 2024 :
  • Información localizada: (Watkins, Mary Lindsay)
  • Uniform Resource Identifier: https://lccn.loc.gov/no00004763

670 ## - FUENTE EN LA QUE SE LOCALIZARON DATOS

  • Cita de la fuente: The romance of a Spahi, 1891 :
  • Información localizada: :portada (Translated by M. L. Watkins)

902 ## - CATALOGADOR

  • Catalogador: MaríaRobles/280524